01300ngm a2200349 4500003000400000005001700004007000400021008004000025010001900065024001700084035001900101040001300120082001500133245009500148246000600243260003900249300006300288440004000351500007700391500006300468500006200531538008500593538012200678650001900800700001700819700001800836700002100854700001700875700001800892700002000910700002000930dpl20080723110517.0DVD||||||sp199 xxu|||||c|||| 00| 0 eng d aDVD-000437-439 a1058c499.00 aDVD-000437-439 aDPLcDPL aDVD / POSE aThe Poseidon Adventurec20th Century Fox Presentsh[videorecording] DVD/bHall Upside Down a. b20th Century Fox Homeentertainment a1 videodisc DVD; (117 min.) :bsd., col. ;c4 3/4 in.fDVD a20th Centyry Fox Home Entertainment aSole Distributor in India M/s. Excel Productions Autio Visuals Pvt. Ltd. aSuspense Excitement, danger and a cast of topflight thesps aSpecial Features- Features, Theatrical Trailer, The Cast aDolby Digital 5.1-English Subntitles: English, Cantonese, Thai, Korean, Mandarin aAspect Ratio: 2.35:1, Presentation type: Wide Screne, Presentation Size 16x9, Format DVD 9 Dual L Single Sided Disc. aMotion Picture aAllen, Irwin aHackman, Gene aBorgnne, Earnest aButtons, Red aLynley, Carol aMcDowall, Roddy aStevens, Stella